Feyenoord players since 2000 - Statistics

General Stats
  • This quiz has been taken 120 times
    64 since last reset
  • The average score is 89 of 284
Answer Stats
Ranking Player Positions Nationality Matches Goals Assists Periods % Correct
24 Justin Bijlow GK 108 0 0 2017-2025
93%
6 Dirk Kuyt DF, MF, FW 164 0 0 2003-2005, 2015-2017
90%
16 Orkun Kökçü MF 119 23 21 2018-2023
90%
31 Robin van Persie FW 98 16 4 2001-2003, 2017-2019
90%
28 Kenneth Vermeer GK 99 0 0 2014-2016, 2018-2020
87%
33 Dávid Hancko DF 97 10 7 2022-2025
83%
38 Igor Paixão MF, FW 93 32 18 2022-2025
83%
57 Santiago Giménez FW 73 45 9 2022-2025
83%
78 Timon Wellenreuther GK 57 0 1 2022-2025
83%
1 Jens Toornstra MF, FW 234 24 14 2014-2023
80%
2 Karim El Ahmadi MF 216 0 0 2008-2011, 2014-2018
80%
93 Ayase Ueda FW 47 12 3 2023-2025
77%
12 Eric Botteghin DF 133 5 1 2015-2021
77%
45 Gernot Trauner DF 87 1 3 2021-2025
77%
145 Peter van den Berg DF 25 0 0 2003-2004
77%
67 Brad Jones GK 63 0 0 2016-2018
73%
76 Graziano Pellè FW 57 0 0 2012-2014
73%
54 Luis Sinisterra MF, FW 76 20 16 2018-2022
73%
51 Marcos Senesi DF 80 6 4 2019-2022
73%
17 Nicolai Jørgensen MF, FW 118 17 4 2016-2021
73%
39 Rick Karsdorp DF, FW 93 1 3 2014-2016, 2019-2020
73%
9 Steven Berghuis MF, FW 149 45 31 2016-2021
70%
3 Tonny Vilhena MF 208 6 5 2011-2019
67%
127 Anis Hadj Moussa MF, FW 30 8 3 2024-2025
63%
34 Jan-Arie van der Heijden DF, MF 97 2 0 2015-2020
63%
29 Jon Dahl Tomasson MF, FW 98 0 0 2000-2001, 2008-2010
63%
82 Michiel Kramer FW 55 0 0 2015-2018
63%
60 Alireza Jahanbakhsh MF, FW 71 9 12 2021-2024
60%
42 Bart Nieuwkoop DF, MF, FW 91 1 2 2015-2018, 2020-2021, 2023-2025
60%
15 Erwin Mulder GK 120 0 0 2007-2008, 2009-2015
60%
108 Jerzy Dudek GK 37 0 0 2000-2002
60%
10 Lutsharel Geertruida DF, MF 144 19 9 2018-2025
60%
71 Marcus Pedersen DF 60 1 6 2021-2022, 2024-2025
60%
70 Quilindschy Hartman DF 61 2 10 2022-2025
60%
56 Quinten Timber MF 73 15 12 2022-2025
60%
20 Shinji Ono MF 112 0 0 2001-2006
60%
25 Terence Kongolo DF 106 0 0 2011-2017
60%
50 Bonaventure Kalou MF, FW 80 0 0 2000-2003
57%
36 Henk Timmer GK 96 0 0 2001-2002, 2006-2009
57%
22 Jean-Paul Boëtius MF, FW 109 0 0 2012-2014, 2017-2019
57%
7 Jordy Clasie MF 162 1 4 2011-2014, 2018-2019
57%
30 Pierre van Hooijdonk FW 98 0 0 2001-2002, 2005-2007
57%
13 Ron Vlaar DF 132 0 0 2005-2007, 2009-2012
57%
66 Salomon Kalou MF, FW 65 0 0 2004-2006
57%
59 Sam Larsson MF, FW 72 10 9 2017-2020
57%
11 Stefan de Vrij DF 135 0 0 2009-2014
57%
32 Tyrell Malacia DF 98 4 8 2017-2022
57%
140 Yankuba Minteh MF, FW 27 10 5 2023-2024
57%
4 André Bahia DF 179 0 0 2004-2011
53%
69 Daryl Janmaat DF 63 0 0 2012-2014
53%
80 Eljero Elia MF, FW 55 0 0 2015-2017
53%
151 John Guidetti MF, FW 23 0 0 2011-2012
53%
85 Mats Wieffer DF, MF 54 6 8 2022-2024
53%
26 Bruno Martins Indi DF 102 0 0 2010-2014
50%
44 Giovanni van Bronckhorst DF, MF 88 0 0 2007-2010
50%
141 Givairo Read DF 26 2 6 2024-2025
50%
92 Ramiz Zerrouki MF 48 1 2 2023-2025
50%
96 Renato Tapia DF, MF 45 0 0 2015-2020
50%
61 Ridgeciano Haps DF, MF, FW 70 5 5 2017-2022
50%
133 Sebastian Szymański MF, FW 29 9 4 2022-2023
50%
99 Antoni Milambo MF, FW 40 4 6 2022-2025
47%
98 Calvin Stengs MF, FW 41 7 15 2023-2025
47%
119 Danilo FW 34 10 3 2022-2023
47%
115 Fredrik Aursnes MF 35 1 4 2021-2023
47%
21 Georginio Wijnaldum MF 111 0 0 2006-2011
47%
8 Leroy Fer MF 152 2 2 2007-2011, 2019-2022
47%
110 Luka Ivanušec MF, FW 37 4 5 2023-2025
47%
48 Roy Makaay FW 83 0 0 2007-2010
47%
18 Sven van Beek DF 116 0 0 2013-2015, 2017-2020
47%
97 Thomas Beelen DF 45 1 1 2023-2025
47%
53 Bilal Başaçıkoğlu MF, FW 76 0 0 2014-2018
43%
68 Bryan Linssen MF, FW 63 21 10 2020-2022
43%
143 Gijs Smal DF, MF 25 0 2 2024-2025
43%
35 Kelvin Leerdam DF, MF 97 0 0 2008-2013
43%
27 Lex Immers MF, FW 100 0 0 2012-2016
43%
153 Nick Marsman GK 23 0 0 2019-2021
43%
73 Sekou Cissé FW 59 0 0 2009-2014
43%
72 Christian Gyan DF 59 0 0 2000-2006
40%
41 Diego Biseswar MF, FW 92 0 0 2005-2006, 2007-2012
40%
148 Gábor Babos GK 24 0 0 2004-2005
40%
123 Guus Til MF, FW 32 15 3 2021-2022
40%
77 Joris Mathijsen DF 57 0 0 2012-2015
40%
183 Kostas Lamprou GK 14 0 0 2012-2014
40%
187 Leo Sauer MF, FW 13 2 3 2023-2024
40%
136 Cyriel Dessers FW 27 9 2 2021-2022
37%
63 Euzebiusz Smolarek MF, FW 68 0 0 2000-2001, 2003-2005
37%
159 Hwang In-beom MF 21 3 2 2024-2025
37%
182 Jakub Moder DF, MF 14 3 2 2024-2025
37%
102 Javairô Dilrosun MF, FW 39 6 6 2022-2024
37%
277 Liam Kelly MF 1 0 0 2019-2020
37%
178 Luke Wilkshire DF, FW 16 0 0 2014-2015
37%
14 Miquel Nelom DF 125 0 0 2011-2018
37%
111 Otman Bakkal MF, FW 37 0 0 2011-2012, 2013-2014
37%
58 Patrick Lodewijks GK 72 0 0 2002-2006
37%
162 Reiss Nelson MF, FW 21 2 4 2021-2022
37%
94 Rob van Dijk GK 47 0 0 2008-2011
37%
19 Ruben Schaken MF, FW 113 0 0 2010-2015
37%
46 Tim de Cler DF 87 0 0 2007-2011
37%
130 Angelos Charisteas FW 29 0 0 2006-2007
33%
186 Calvin Verdonk DF, MF 13 1 2 2014-2015, 2018-2019
33%
88 Jerson Cabral FW 52 0 0 2010-2013
33%
161 Julián Carranza FW 21 4 1 2024-2025
33%
218 Lucas Pratto FW 7 0 0 2020-2021
33%
149 Luciano Narsingh MF, FW 24 3 2 2019-2021
33%
262 Oğuzhan Özyakup MF 2 1 0 2019-2020
33%
49 Paul Bosvelt DF, MF 82 0 0 2000-2003
33%
164 Róbert Boženík FW 21 3 0 2019-2022
33%
165 Sofyan Amrabat DF, MF 21 0 0 2017-2018
33%
172 Uroš Spajić DF 19 0 0 2020-2021
33%
121 Anass Achahbar MF, FW 33 0 0 2011-2012, 2014-2016
30%
106 Colin Kazim-Richards MF, FW 38 0 0 2014-2016
30%
100 Danko Lazović FW 40 0 0 2003-2005
30%
89 Danny Buijs MF 51 0 0 2006-2009
30%
196 Edgar Ié DF 11 0 0 2019-2020
30%
75 Edwin Zoetebier GK 58 0 0 2001-2004
30%
204 Ezequiel Bullaude MF, FW 9 0 1 2022-2023
30%
23 Jonathan de Guzmán MF 109 0 0 2005-2010
30%
225 Jordan Lotomba DF, MF 6 1 1 2024-2025
30%
205 Jorrit Hendrix DF, MF 9 1 0 2021-2022
30%
116 Kamohelo Mokotjo MF 35 0 0 2010-2013
30%
193 Ofir Marciano GK 12 0 0 2021-2022
30%
138 Oussama Idrissi MF, FW 27 4 6 2022-2023
30%
139 Patrik Wålemark MF, FW 27 3 2 2021-2023
30%
282 Plamen Andreev GK 1 0 0 2024-2025
30%
132 Royston Drenthe DF, MF 29 0 0 2005-2007
30%
208 Thomas van den Belt DF, MF 9 0 0 2023-2024
30%
90 Andwélé Slory MF, FW 50 0 0 2007-2010
27%
211 Cole Bassett MF 8 0 1 2021-2023
27%
195 Cuco Martina DF, MF 11 0 0 2018-2019
27%
270 Fredrik André Bjørkan DF 1 0 0 2022-2023
27%
135 Guyon Fernandez FW 28 0 0 2011-2013
27%
155 Ibrahim Osman MF, FW 22 3 3 2024-2025
27%
103 Jerry St. Juste DF, MF 39 3 1 2017-2020
27%
152 Kevin Diks DF 23 0 0 2017-2018
27%
124 Marcos López DF 32 0 2 2022-2025
27%
169 Ondřej Lingr MF 20 3 1 2023-2024
27%
228 Oussama Targhalline MF 6 0 0 2024-2025
27%
263 Philippe Léonard DF 2 0 0 2006-2007
27%
105 Ruud Vormer MF 39 0 0 2012-2015
27%
177 Simon Gustafson MF, FW 17 0 0 2015-2017
27%
209 Wouter Burger MF 9 0 0 2018-2022
27%
113 Ali Boussaboun FW 36 0 0 2005-2007
23%
40 Brett Emerton DF, MF 92 0 0 2000-2003
23%
210 Chris Nadje MF 8 0 0 2024-2025
23%
107 Denny Landzaat MF 38 0 0 2007-2010
23%
114 Dwight Tiendalli DF 35 0 0 2006-2007, 2008-2009
23%
223 Facundo González DF 6 0 0 2024-2025
23%
91 Hossam Ghaly MF 49 0 0 2003-2006
23%
37 Kees van Wonderen DF 96 0 0 2000-2004
23%
190 Khalid Boulahrouz DF 12 0 0 2014-2015
23%
109 Luc Castaignos FW 37 0 0 2009-2011
23%
43 Luigi Bruins MF, FW 90 0 0 2007-2011
23%
125 Mark Diemers MF, FW 31 3 4 2020-2022
23%
117 Mitchell te Vrede FW 35 0 0 2012-2015
23%
64 Nicky Hofs MF 68 0 0 2004-2008
23%
5 Patrick Paauwe DF, MF 171 0 0 2000-2006
23%
194 Ryo Miyaichi MF, FW 12 0 0 2010-2011
23%
55 Theo Lucius DF, MF 74 0 0 2006-2009
23%
173 Yassin Ayoub MF, FW 19 2 3 2018-2020
23%
243 Zepiqueno Redmond FW 4 0 0 2024-2025
23%
237 Aymen Sliti MF, FW 4 1 0 2024-2025
20%
147 Dylan Vente FW 24 1 2 2017-2021
20%
222 Edwin de Graaf MF 6 0 0 2004-2006
20%
247 Emil Hansson MF, FW 3 0 0 2016-2018
20%
198 Gjivai Zechiël MF 11 0 2 2023-2025
20%
167 Hugo Bueno DF, MF 20 0 3 2024-2025
20%
274 Jari Schuurman MF, FW 1 0 0 2015-2016
20%
239 Jean-Paul van Gastel MF 4 0 0 2000-2001
20%
275 Jeyland Mitchell DF 1 0 0 2024-2025
20%
248 Jhon van Beukering FW 3 0 0 2010-2011
20%
170 João Carlos Teixeira MF, FW 19 0 4 2020-2022
20%
104 Johan Elmander FW 39 0 0 2000-2003
20%
84 Kevin Hofland DF 54 0 0 2007-2010
20%
212 Krisztián Simon MF, FW 8 0 0 2010-2011
20%
81 Leonardo MF, FW 55 0 0 2000-2005
20%
206 Leonardo MF 9 0 0 2001-2002
20%
202 Lucas Woudenberg DF, MF 10 0 0 2014-2015, 2016-2017
20%
188 Marcel Meeuwis MF 13 0 0 2010-2011
20%
101 Michael Mols FW 40 0 0 2007-2009
20%
227 Mohamed El Hankouri DF, MF, FW 6 0 0 2016-2017, 2018-2019
20%
281 Pär Hansson GK 1 0 0 2016-2017
20%
86 Pascal Bosschaart DF, MF 53 0 0 2004-2007
20%
283 Ronald Graafland GK 1 0 0 2013-2014
20%
171 Samuel Armenteros FW 19 0 0 2013-2014
20%
47 Serginho Greene DF, MF 85 0 0 2005-2009
20%
266 Shiloh ’t Zand MF, FW 2 0 0 2024-2025
20%
252 Stephano Carrillo FW 3 0 0 2024-2025
20%
52 Thomas Buffel MF, FW 80 0 0 2002-2005
20%
74 Tomasz Rząsa DF 59 0 0 2000-2003
20%
120 Alexander Östlund DF 33 0 0 2004-2006
17%
112 Alfred Schreuder MF 36 0 0 2003-2004, 2005-2007
17%
118 Bart Goor MF 34 0 0 2004-2005
17%
267 Cheick Touré FW 1 0 0 2017-2018
17%
254 Christian Conteh MF, FW 2 0 0 2020-2021
17%
268 Dermane Karim MF 1 0 0 2021-2022
17%
122 Elvis Manu MF, FW 32 0 0 2011-2012, 2013-2016
17%
83 Ferry de Haan DF 54 0 0 2000-2003
17%
197 Fyodor Smolov MF, FW 11 0 0 2010-2011
17%
238 George Johnston DF 4 0 0 2020-2021
17%
128 Gill Swerts DF, MF 30 0 0 2003-2004, 2010-2012
17%
215 Harmeet Singh MF 7 0 0 2012-2013
17%
201 Jacob Rasmussen DF, MF 10 1 1 2022-2023
17%
273 Jan Plug DF 1 0 0 2024-2025
17%
129 John Goossens MF, FW 30 0 0 2012-2014
17%
189 Jorge Acuña MF 12 0 0 2002-2004
17%
257 Joris Delle GK 2 0 0 2018-2019
17%
260 Mimeirhel Benita DF 2 0 0 2022-2023
17%
192 Naoufal Bannis FW 12 2 1 2019-2022
17%
219 Neraysho Kasanwirjo DF, MF 7 0 0 2022-2023, 2024-2025
17%
131 Nuri Şahin MF 29 0 0 2007-2008
17%
214 Ramon Hendriks DF 8 0 0 2021-2022
17%
65 Romeo Castelen MF, FW 65 0 0 2004-2007
17%
62 Sebastián Pardo MF 69 0 0 2002-2007
17%
166 Ulrich van Gobbel DF 21 0 0 2000-2002
17%
126 Wesley Verhoek MF, FW 31 0 0 2012-2014
17%
236 Aliou Badara Baldé DF, MF, FW 4 0 1 2020-2022
13%
79 Anthony Lurling MF, FW 56 0 0 2002-2004
13%
231 Bart Schenkeveld DF 5 0 0 2009-2010
13%
246 Carlo l'Ami GK 3 0 0 2002-2003
13%
179 Cory Gibbs DF 15 0 0 2004-2005
13%
180 David Connolly FW 15 0 0 2000-2001
13%
224 Gérson Magrão MF 6 0 0 2004-2005
13%
142 Glenn Loovens DF 26 0 0 2001-2002, 2004-2005
13%
137 Igor Korneev MF 27 0 0 2000-2002
13%
160 Jan de Visser MF 21 0 0 2000-2002
13%
156 Joonas Kolkka MF 22 0 0 2006-2007
13%
95 Karim Saidi DF 46 0 0 2004-2007
13%
168 Mariano Bombarda FW 20 0 0 2002-2004
13%
144 Marko Vejinović MF 25 0 0 2015-2017
13%
258 Marouan Azarkan MF, FW 2 0 0 2019-2021
13%
176 Peter van Vossen FW 17 0 0 2000-2001
13%
264 Philippe Sandler DF 2 0 0 2021-2022
13%
185 Ramon van Haaren DF 14 0 0 2002-2004
13%
163 Ricky van Haaren MF 21 0 0 2009-2012
13%
203 Stefan Babović MF 10 0 0 2009-2010
13%
146 Stein Huysegems FW 25 0 0 2006-2007
13%
158 Timothy Derijck DF, MF 22 0 0 2006-2007, 2008-2009
13%
134 Tim Vincken MF, FW 29 0 0 2004-2007
13%
175 Tininho DF, MF 18 0 0 2000-2001
13%
253 Benjamin De Ceulaer MF, FW 2 0 0 2006-2007
10%
174 Bruno Basto DF 18 0 0 2004-2005
10%
221 Civard Sprockel DF 6 0 0 2001-2002
10%
232 Darley Ramon Torres GK 5 0 0 2009-2010
10%
181 Ferne Snoyl DF 15 0 0 2003-2004, 2005-2006
10%
200 Gianni Zuiverloon DF 10 0 0 2004-2005
10%
276 Jordy van Deelen DF 1 0 0 2013-2014
10%
216 Jordy Wehrmann MF 7 0 0 2020-2021
10%
207 Luís Pedro MF, FW 9 0 0 2008-2009
10%
213 Maikel Aerts GK 8 0 0 2005-2006
10%
278 Mats van Huijgevoort DF 1 0 0 2011-2012
10%
279 Matthew Steenvoorden DF, MF 1 0 0 2014-2015
10%
233 Mauricio Aros DF, MF 5 0 0 2001-2002
10%
234 Mohamed Taabouni MF, FW 5 0 0 2022-2023
10%
280 Nigel Robertha FW 1 0 0 2015-2016
10%
157 Patrick Mtiliga DF 22 0 0 2003-2005
10%
184 Pieter Collen DF 14 0 0 2001-2002, 2005-2007
10%
220 Sherif Ekramy GK 7 0 0 2005-2008
10%
229 Somália FW 6 0 0 2000-2001
10%
87 Song Chong-gug DF, MF 53 0 0 2002-2005
10%
230 Søren Larsen FW 6 0 0 2010-2011
10%
284 Zbigniew Małkowski GK 1 0 0 2004-2005
10%
244 Achraf El Bouchataoui MF 3 0 0 2020-2021
7%
245 Adil Auassar DF, MF, FW 3 0 0 2010-2011
7%
150 Arco Jochemsen MF 23 0 0 2000-2001
7%
199 Daniel Fernández Artola DF 10 0 0 2009-2010, 2011-2012
7%
255 Denzel Hall DF 2 0 0 2021-2022
7%
269 Djomar Giersthove DF 1 0 0 2024-2025
7%
154 Gérard de Nooijer DF 22 0 0 2002-2004
7%
271 Glenn Kobussen MF 1 0 0 2008-2009
7%
256 Gustavo Hamer DF, MF 2 0 0 2016-2017
7%
272 Jacob Lensky DF, MF 1 0 0 2006-2007
7%
249 Jordao Pattinama MF 3 0 0 2008-2009
7%
217 Kaj Ramsteijn DF 7 0 0 2011-2012
7%
240 Kermit Erasmus MF, FW 4 0 0 2008-2009
7%
241 Kevin Wattamaleo MF 4 0 0 2008-2009
7%
191 Lee Chun-soo MF, FW 12 0 0 2007-2008
7%
259 Michael Lumb DF 2 0 0 2010-2011
7%
226 Michał Janota MF, FW 6 0 0 2008-2009
7%
242 Mitchell Schet MF, FW 4 0 0 2008-2010
7%
261 Noah Naujoks MF, FW 2 0 0 2022-2023
7%
250 Norichio Nieveld DF, MF 3 0 0 2008-2009
7%
235 Omar Elabdellaoui DF, MF 5 0 0 2012-2013
7%
251 René van Dieren MF 3 0 0 2000-2001
7%
265 Saïd Boutahar MF 2 0 0 2001-2002
7%
No matching quizzes found
Score Distribution
Percent of People with Each Score
Percentile by Number Answered
Your Score History
You have not taken this quiz since the last reset